000 00642nam a2200229 a 4500
999 _c1431
_d1431
001 1431
003 BD-JhCC
005 20171022104442.0
008 171019s2010 bg |||| ||a| 000 0 ben d
020 _a9848685901
035 _a(BD-JhCC)1431
040 _aBD-JhCC
_dBD-JhCC
041 _aben
082 _a891.4435
_bISL 2010
100 _aইসলাম, আনা
245 _aকাসান্দ্রা : ১৯৭৫ /
_cআনা ইসলাম
260 _aঢাকা :
_bঅন্যপ্রকাশ,
_c2010.
300 _a119 p. ;
_c22 cm.
650 _aShort stories, Bengali
942 _2ddc
_cBK